|
|
|
|
| LEADER |
01387nam a2200361 a 4500 |
| 001 |
38643 |
| 003 |
BD-DhAAL |
| 008 |
220609t2004 ii 001 0aeng d |
| 999 |
|
|
|c 44359
|d 44359
|
| 010 |
|
|
|a 2004310235
|
| 020 |
|
|
|a 812910587X
|
| 020 |
|
|
|a 9788129105875
|
| 020 |
|
|
|a 8129103907
|
| 025 |
|
|
|a I-E-2004-310235; 62-90
|
| 035 |
|
|
|a (DLC) 2004310235
|
| 037 |
|
|
|b Library of Congress -- New Delhi Overseas Office
|c Rs395.00
|
| 040 |
|
|
|a DLC
|c DLC
|d BD-DhAAL
|
| 042 |
|
|
|a lcode
|
| 043 |
|
|
|a a-ii---
|
| 050 |
0 |
0 |
|a JQ249.E9
|b S83 2004
|
| 082 |
|
|
|a 351.0954092
|2 23
|
| 100 |
1 |
|
|a Subramanian, T. S. R.
|9 49162
|
| 245 |
1 |
0 |
|a Journeys through babudom and netaland :
|b governance in India /
|c T.S.R. Subramanian.
|
| 260 |
|
|
|a New Delhi :
|b Rupa & Co.,
|c 2004.
|
| 300 |
|
|
|a xiv, 359 pages ;
|c 25 cm.
|
| 500 |
|
|
|a Includes index.
|
| 520 |
|
|
|a Service memoirs of T.S.R. Subramanian, former cabinet secretary, government of India; includes autobiographical references.
|
| 541 |
|
|
|a Donated By Akbar Ali Khan
|e 38643
|
| 600 |
1 |
0 |
|a Subramanian, T. S. R.
|9 49162
|
| 650 |
|
0 |
|a Civil service
|z India
|v Biography.
|9 49163
|
| 650 |
|
0 |
|a Government executives
|z India
|v Biography.
|9 49164
|
| 942 |
|
|
|2 ddc
|c BK
|
| 952 |
|
|
|0 0
|1 0
|2 ddc
|4 0
|6 351_095409200000000_SUB
|7 1
|9 70860
|a BRACUL
|b BRACUL
|c CS1
|d 2022-06-09
|e Donated by Akbar Ali Khan
|l 0
|o 351.0954092 SUB
|p 3010038643
|r 2022-06-09
|t 1
|w 2022-06-09
|y BK
|